Cardiology for the Primary care Physician (Record no. 1844)

MARC details
000 -LEADER
fixed length control field 01145pam a2200313 a 4500
001 - CONTROL NUMBER
control field 4491310
003 - CONTROL NUMBER IDENTIFIER
control field OSt
005 - DATE AND TIME OF LATEST TRANSACTION
control field 20191126112050.0
008 - FIXED-LENGTH DATA ELEMENTS--GENERAL INFORMATION
fixed length control field 970929s1998 nyua b 001 0 eng c
010 ## - LIBRARY OF CONGRESS CONTROL NUMBER
LC control number 97041983
020 ## - INTERNATIONAL STANDARD BOOK NUMBER
International Standard Book Number 0838515630
040 ## - CATALOGING SOURCE
Original cataloging agency DNLM/DLC
Transcribing agency DLC
Modifying agency DLC
050 10 - LIBRARY OF CONGRESS CALL NUMBER
Classification number RC667
Item number .C3834 1998
060 10 - NATIONAL LIBRARY OF MEDICINE CALL NUMBER
Classification number WG210 C2677 1997
082 00 - DEWEY DECIMAL CLASSIFICATION NUMBER
Classification number WG210 C179 1997
Edition number 21
100 ## - MAIN ENTRY--PERSONAL NAME
Personal name Edited by Alpert, Joseph S.
9 (RLIN) 13087
245 00 - TITLE STATEMENT
Title Cardiology for the Primary care Physician
250 ## - EDITION STATEMENT
Edition statement 2nd ed.
260 ## - PUBLICATION, DISTRIBUTION, ETC. (IMPRINT)
Place of publication, distribution, etc. Philadelphia :
Name of publisher, distributor, etc. Current Medicine,
Date of publication, distribution, etc. c1998.
300 ## - PHYSICAL DESCRIPTION
Extent xii, 420 p. :
Other physical details ill. (some col.) ;
Dimensions 29 cm.
500 ## - GENERAL NOTE
General note "From the series: Current practice of medicine, 2nd edition, Roger C. Bone and Faith Fitzgerald, editors."
504 ## - BIBLIOGRAPHY, ETC. NOTE
Bibliography, etc Includes bibliographical references and index.
650 #0 - SUBJECT ADDED ENTRY--TOPICAL TERM
Topical term or geographic name as entry element Cardiology
9 (RLIN) 3034
650 #0 - SUBJECT ADDED ENTRY--TOPICAL TERM
Topical term or geographic name as entry element Heart care
9 (RLIN) 5890
730 0# - ADDED ENTRY--UNIFORM TITLE
Uniform title Current practice of medicine.
9 (RLIN) 4848
906 ## - LOCAL DATA ELEMENT F, LDF (RLIN)
a 7
b cbc
c orignew
d 1
e ocip
f 19
g y-gencatlg
942 ## - ADDED ENTRY ELEMENTS (KOHA)
Source of classification or shelving scheme Other/Generic Classification Scheme
Koha item type Short Loan
Holdings
Withdrawn status Lost status Source of classification or shelving scheme Damaged status Not for loan Home library Current library Date acquired Source of acquisition Inventory number Total Checkouts Full call number Barcode Date last seen Koha item type
    Other/Generic Classification Scheme     MUST Main Library MUST Main Library 22/05/2015 Purchase 01/16616   WG210 C179 1997 2015-1552 22/05/2015 Short Loan